[Event "18. Copenhagen Open (Politiken Cup)"]
[Site "Brondby"]
[Date "1996.??.??"]
[Round "11"]
[White "Holst, Conny"]
[Black "Koch, Wolfgang Max"]
[Result "0-1"]
[WhiteElo "2205"]
[BlackElo "2325"]
[PlyCount "102"]
[EventDate "1996.??.??"]
[EventType "swiss"]
[EventRounds "11"]
[EventCountry "DEN"]
[SourceDate "2004.01.01"]

1. d4 d6 2. c4 f5 3. Nf3 Nf6 4. g3 g6 5. Bg2 Bg7 6. O-O O-O 7. Nc3 Qe8 8. d5
Na6 9. Nd4 Bd7 10. b3 c6 11. Bb2 Nc7 12. dxc6 bxc6 13. Rb1 e5 14. Nc2 Qe6 15.
Ba3 Nfe8 16. Qd2 Rf7 17. Rbd1 Bf8 18. e3 Rc8 19. f4 e4 20. Nd4 Qe7 21. b4 Ne6
22. Nb3 Rb8 23. Rb1 N8c7 24. Rfd1 Qe8 25. Bf1 a6 26. Ne2 d5 27. c5 g5 28. Kh1
Rf6 29. Ned4 Nxd4 30. Nxd4 Rg6 31. Be2 Qe7 32. Nb3 g4 33. Bb2 Bg7 34. a3 h5 35.
h4 gxh3 36. Bxh5 Rh6 37. Be2 h2 38. Rf1 Bxb2 39. Qxb2 Kf7 40. Rf2 Qe6 41. g4
fxg4 42. Bxg4 Qxg4 43. Rg2 Rg8 44. Rxg4 Bxg4 45. Nd2 Nb5 46. Rf1 Bh3 47. Nxe4
dxe4 48. Qa2+ Kf8 49. Rd1 Bg2+ 50. Qxg2 Rxg2 51. Kxg2 h1=Q+ 0-1

[Event "18. Copenhagen Open (Politiken Cup)"]
[Site "Brondby"]
[Date "1996.??.??"]
[Round "11"]
[White "Hyldkrog, Lars"]
[Black "Haapasalo, Jukka Pekka"]
[Result "1/2-1/2"]
[WhiteElo "2075"]
[BlackElo "2240"]
[PlyCount "138"]
[EventDate "1996.??.??"]
[EventType "swiss"]
[EventRounds "11"]
[EventCountry "DEN"]
[SourceDate "2004.01.01"]

1. e4 c5 2. Nf3 e6 3. d4 cxd4 4. Nxd4 Nc6 5. Nb5 d6 6. c4 Nf6 7. N1c3 a6 8. Na3
b6 9. Be2 Bb7 10. O-O Nb8 11. f3 Nbd7 12. Be3 Be7 13. Qe1 O-O 14. Rd1 Qc7 15.
Qf2 Rac8 16. Rd2 Rfe8 17. Rfd1 d5 18. exd5 Bd6 19. dxe6 Bxh2+ 20. Kh1 Rxe6 21.
Rxd7 Nxd7 22. Rxd7 Qxd7 23. Kxh2 b5 24. cxb5 Rxc3 25. bxc3 Qd6+ 26. Kg1 Qxa3
27. Bc4 Re8 28. bxa6 Bxa6 29. Bb3 Qe7 30. Bd4 Qg5 31. f4 Qg4 32. Be5 Bb7 33.
Qd2 h5 34. Bd1 Qg6 35. Qf2 f6 36. Bd4 Qb1 37. Qd2 h4 38. Kh2 Bc6 39. Bb3+ Kh8
40. Qf2 Qe1 41. Kh3 Qxf2 42. Bxf2 Re2 43. Bxh4 Rxg2 44. c4 Kh7 45. c5 g5 46.
fxg5 fxg5 47. Bg3 Kh6 48. Kg4 Rd2 49. Bd6 Bd7+ 50. Kg3 Kg6 51. Bc4 Kf6 52. Bg8
Be6 53. Bxe6 Kxe6 54. Kg4 Kf6 55. a3 Rc2 56. Kg3 Kf5 57. a4 Ra2 58. c6 Rxa4 59.
c7 Rc4 60. Kf3 Rc3+ 61. Ke2 Ke4 62. Kf2 Kf5 63. Ke2 Kg4 64. Kd2 Rc6 65. Ke3 Kh3
66. Ke4 g4 67. Kd5 Rxc7 68. Bxc7 g3 69. Bxg3 Kxg3 1/2-1/2

[Event "18. Copenhagen Open (Politiken Cup)"]
[Site "Brondby"]
[Date "1996.??.??"]
[Round "11"]
[White "Johansen, Terje"]
[Black "Bogdanovich, Grigory"]
[Result "1/2-1/2"]
[WhiteElo "2375"]
[BlackElo "2375"]
[PlyCount "199"]
[EventDate "1996.??.??"]
[EventType "swiss"]
[EventRounds "11"]
[EventCountry "DEN"]
[SourceDate "2004.01.01"]

1. d4 d5 2. c4 e6 3. Nc3 c6 4. e3 Nd7 5. Nf3 f5 6. Bd3 Qf6 7. Ne2 Bd6 8. Bd2
Ne7 9. Qc2 e5 10. dxe5 Nxe5 11. Nxe5 Bxe5 12. Bc3 Be6 13. Bxe5 Qxe5 14. Nf4
dxc4 15. Bxc4 Bxc4 16. Qxc4 Qxb2 17. O-O Qe5 18. Rad1 b5 19. Qb3 a5 20. a3 a4
21. Qa2 c5 22. Nd3 Qc7 23. Qb2 O-O 24. Qxb5 c4 25. Ne5 Rab8 26. Qxc4+ Qxc4 27.
Nxc4 Rfc8 28. Rd4 Rb3 29. h3 Rc5 30. Ra1 Nc6 31. Nd2 Nxd4 32. exd4 Rc2 33. Nxb3
axb3 34. Rb1 b2 35. Kh2 Rxf2 36. a4 f4 37. a5 f3 38. Kg3 Rxg2+ 39. Kxf3 Rh2 40.
Kg3 Rd2 41. a6 Rd3+ 42. Kg2 Rxd4 43. Rxb2 Ra4 44. Rb8+ Kf7 45. Ra8 Kg6 46. a7
h6 47. Kg3 Kh5 48. Rf8 Ra3+ 49. Rf3 Rxa7 50. Rf5+ Kg6 51. Rb5 Ra3+ 52. Kg4 h5+
53. Kh4 Ra4+ 54. Kg3 h4+ 55. Kg2 Kf6 56. Rc5 g6 57. Rb5 Rf4 58. Rb2 Rf5 59.
Rb6+ Kg5 60. Ra6 Rb5 61. Ra4 Rb2+ 62. Kh1 Re2 63. Rg4+ Kh5 64. Ra4 Re6 65. Rb4
g5 66. Rb5 Kg6 67. Ra5 Kf6 68. Ra2 Re3 69. Kh2 Kf5 70. Rf2+ Ke5 71. Rg2 Kf4 72.
Rg4+ Kf5 73. Rg2 Re1 74. Rf2+ Ke6 75. Kg2 Re3 76. Kh2 Ke5 77. Rg2 Kf4 78. Rg4+
Kf5 79. Rg2 Rf3 80. Ra2 Rd3 81. Rf2+ Ke4 82. Rg2 Rd5 83. Rg4+ Kf5 84. Rg2 Re5
85. Rg4 Re2+ 86. Kh1 Rd2 87. Rg1 Re2 88. Rg4 Rf2 89. Rg1 Kf6 90. Rg4 Re2 91.
Rg1 Re5 92. Rg4 Ke6 93. Kh2 Rf5 94. Kh1 Kf6 95. Kh2 Kg6 96. Kh1 Rf2 97. Rg1 Kh5
98. Rg4 Rf4 99. Rg2 g4 100. Rxg4 1/2-1/2

[Event "18. Copenhagen Open (Politiken Cup)"]
[Site "Brondby"]
[Date "1996.??.??"]
[Round "11"]
[White "Kania, Andreas"]
[Black "Gabrielsen, Stig"]
[Result "1/2-1/2"]
[WhiteElo "2275"]
[BlackElo "2175"]
[PlyCount "35"]
[EventDate "1996.??.??"]
[EventType "swiss"]
[EventRounds "11"]
[EventCountry "DEN"]
[SourceDate "2004.01.01"]

1. e4 d5 2. exd5 Nf6 3. d4 Bg4 4. Nf3 Qxd5 5. Be2 Nc6 6. O-O O-O-O 7. c3 e6 8.
Bf4 h5 9. Nbd2 Be7 10. Qc2 Rdg8 11. b4 g5 12. Bc4 Qd8 13. Be5 Bf5 14. Bd3 g4
15. Ne1 Nxe5 16. Bxf5 Ng6 17. Bxg6 Rxg6 18. Nd3 1/2-1/2

[Event "18. Copenhagen Open (Politiken Cup)"]
[Site "Brondby"]
[Date "1996.??.??"]
[Round "11"]
[White "Korchnoi, Viktor"]
[Black "Kogan, Artur"]
[Result "1-0"]
[WhiteElo "2645"]
[BlackElo "2485"]
[PlyCount "79"]
[EventDate "1996.??.??"]
[EventType "swiss"]
[EventRounds "11"]
[EventCountry "DEN"]
[SourceDate "2004.01.01"]

1. d4 Nf6 2. Nf3 e6 3. g3 b6 4. Bg2 Bb7 5. O-O c5 6. c4 cxd4 7. Qxd4 Bc5 8. Qf4
Nc6 9. Nc3 Ne7 10. Ng5 Bxg2 11. Kxg2 O-O 12. Rd1 Ng6 13. Qd2 Qc8 14. Nge4 Be7
15. b3 d5 16. cxd5 Nxe4 17. Nxe4 exd5 18. Ng5 Bf6 19. Bb2 Bxb2 20. Qxb2 Qg4 21.
Nf3 Nf4+ 22. Kh1 Nh3 23. Rf1 Rae8 24. Rad1 f5 25. Rxd5 Re6 26. Qd2 Rfe8 27. Rd8
Rxe2 28. Rxe8+ Rxe8 29. Kg2 h6 30. Nh4 Ng5 31. Qd5+ Kh7 32. Qxf5+ Qxf5 33. Nxf5
Re2 34. h4 Ne6 35. Ra1 Nc5 36. Kf3 Rb2 37. Ke3 a5 38. h5 a4 39. bxa4 Nxa4 40.
Rd1 1-0

[Event "18. Copenhagen Open (Politiken Cup)"]
[Site "Brondby"]
[Date "1996.??.??"]
[Round "11"]
[White "Lejlic, Samir"]
[Black "Matthiesen, Arne"]
[Result "1-0"]
[WhiteElo "2420"]
[BlackElo "2255"]
[PlyCount "80"]
[EventDate "1996.??.??"]
[EventType "swiss"]
[EventRounds "11"]
[EventCountry "DEN"]
[SourceDate "2004.01.01"]

1. e4 e6 2. d4 d5 3. Nc3 Bb4 4. Bd3 dxe4 5. Bxe4 Nf6 6. Bf3 Nc6 7. Nge2 Ne7 8.
a3 Bxc3+ 9. bxc3 Ng6 10. h4 e5 11. Ng3 Qe7 12. Qe2 exd4 13. cxd4 Qxe2+ 14. Nxe2
h6 15. h5 Ne7 16. Bf4 Nfd5 17. Be5 f6 18. Bh2 c6 19. O-O Bf5 20. Rfc1 Nb6 21.
Ng3 Bh7 22. c4 Rd8 23. Ne2 Bd3 24. c5 Nbd5 25. Rd1 Bh7 26. Nf4 Nxf4 27. Bxf4
Kf7 28. a4 Bf5 29. a5 a6 30. g4 Bc8 31. Bc7 Rd7 32. Bd6 f5 33. Ra3 Re8 34. Re1
Ng8 35. Rxe8 Kxe8 36. Re3+ Kd8 37. Bd1 Rf7 38. Bb3 f4 39. Re1 Bxg4 40. Bxf7 Nf6
1-0

[Event "18. Copenhagen Open (Politiken Cup)"]
[Site "Brondby"]
[Date "1996.??.??"]
[Round "11"]
[White "Liss, Eran"]
[Black "Emms, John"]
[Result "1-0"]
[WhiteElo "2480"]
[BlackElo "2500"]
[PlyCount "127"]
[EventDate "1996.??.??"]
[EventType "swiss"]
[EventRounds "11"]
[EventCountry "DEN"]
[SourceDate "2004.01.01"]

1. e4 e5 2. Nf3 Nc6 3. Bb5 a6 4. Ba4 Nf6 5. O-O b5 6. Bb3 Bc5 7. Re1 Ng4 8. Rf1
Bb6 9. d4 exd4 10. Bg5 f6 11. Bf4 Nge5 12. Bd5 Rb8 13. Nxe5 fxe5 14. Bxc6 exf4
15. Qh5+ Kf8 16. Bd5 Qe7 17. e5 Bb7 18. Qf5+ Ke8 19. Bxb7 Rxb7 20. Qxf4 Kd8 21.
Nd2 Kc8 22. a4 Rf8 23. Qe4 Qb4 24. Nf3 bxa4 25. e6 Qd6 26. exd7+ Qxd7 27. Ne5
Qf5 28. Qxf5+ Rxf5 29. Nd3 c5 30. Rxa4 Re7 31. Rxa6 Kb7 32. Ra4 Re2 33. Rc4 g5
34. g4 Rf6 35. Nxc5+ Bxc5 36. Rxc5 Rb6 37. b4 Rc6 38. Rxc6 Kxc6 39. Rd1 Re4 40.
f3 Rf4 41. Kf2 Kb5 42. Ke2 Kxb4 43. Rb1+ Kc3 44. Rb7 Kxc2 45. Rc7+ Kb3 46. Rxh7
Rf8 47. Rc7 Kb4 48. h3 Kb5 49. Kd3 Rxf3+ 50. Kxd4 Rxh3 51. Rc5+ Kb6 52. Rxg5
Kc7 53. Ke5 Kd7 54. Kf6 Re3 55. Rf5 Re7 56. g5 Re8 57. Kg6 Re1 58. Kg7 Re2 59.
g6 Re1 60. Kh7 Rh1+ 61. Kg8 Re1 62. Rh5 Re2 63. g7 Rh2 64. Rxh2 1-0

[Event "18. Copenhagen Open (Politiken Cup)"]
[Site "Brondby"]
[Date "1996.??.??"]
[Round "11"]
[White "Lobejko, Rafal"]
[Black "Hansen, Lars"]
[Result "1/2-1/2"]
[WhiteElo "2215"]
[BlackElo "2250"]
[PlyCount "119"]
[EventDate "1996.??.??"]
[EventType "swiss"]
[EventRounds "11"]
[EventCountry "DEN"]
[SourceDate "2004.01.01"]

1. Nf3 g6 2. e4 Bg7 3. d4 d6 4. Bd3 Nd7 5. O-O e5 6. c3 Ngf6 7. h3 O-O 8. Be3
b6 9. Nbd2 Qe7 10. Re1 Bb7 11. d5 Nh5 12. g3 Rae8 13. b4 Bc8 14. Nh2 h6 15. Ng4
Kh7 16. Nf1 Nhf6 17. Ngh2 Kh8 18. g4 Nh7 19. Ng3 Qh4 20. Kg2 Ng5 21. Rh1 Nb8
22. Nf3 Nxf3 23. Qxf3 Nd7 24. Qe2 Nf6 25. f3 Ng8 26. Bf2 Qd8 27. a4 f5 28. exf5
e4 29. Bxe4 gxf5 30. gxf5 Bxc3 31. Rac1 Be5 32. Qc2 Rf7 33. Kf1 Nf6 34. Rg1 Rg7
35. Ne2 Rxg1+ 36. Nxg1 Nh5 37. Qxc7 Qg5 38. h4 Ng3+ 39. Ke1 Qf6 40. Ne2 Nxe2
41. Kxe2 Bxf5 42. Qc6 Rc8 43. Qxc8+ Bxc8 44. Rxc8+ Kg7 45. Rc7+ Kg8 46. Rxa7
Bf4 47. Ra8+ Kf7 48. Ra7+ Ke8 49. Bxb6 Qb2+ 50. Kf1 Qxb4 51. a5 Qc4+ 52. Kf2
Qa2+ 53. Kf1 Qa1+ 54. Kf2 Qb2+ 55. Kf1 Qc1+ 56. Kf2 Qd2+ 57. Kf1 Be3 58. Bxe3
Qxe3 59. Rh7 Qa3 60. Kf2 1/2-1/2

[Event "18. Copenhagen Open (Politiken Cup)"]
[Site "Brondby"]
[Date "1996.??.??"]
[Round "11"]
[White "Lyrberg, Patrik"]
[Black "Pyda, Zbigniew"]
[Result "1-0"]
[WhiteElo "2425"]
[BlackElo "2305"]
[PlyCount "129"]
[EventDate "1996.??.??"]
[EventType "swiss"]
[EventRounds "11"]
[EventCountry "DEN"]
[SourceDate "2004.01.01"]

1. d4 d5 2. c4 c6 3. Nc3 Nf6 4. Nf3 e6 5. Bg5 Nbd7 6. e3 Be7 7. Bd3 O-O 8. O-O
b6 9. cxd5 exd5 10. Qc2 Bb7 11. Ne5 h6 12. Nxd7 Nxd7 13. Bxe7 Qxe7 14. Rab1 a5
15. Na4 b5 16. Nc3 a4 17. Ne2 Nb6 18. b3 axb3 19. axb3 Ra3 20. Qd2 Rfa8 21. Rb2
Ra1 22. Bb1 g6 23. Rc1 Nd7 24. Nf4 Nf6 25. Nd3 Ne4 26. Qe1 Qa3 27. Qb4 Nd6 28.
f3 Re8 29. Kf2 Qxb4 30. Nxb4 Nf5 31. Rc3 Ne7 32. Ke2 Raa8 33. Kf2 Ra7 34. g4
Rea8 35. Kg3 Kg7 36. h4 Rf8 37. Rc1 Raa8 38. Nd3 f6 39. Bc2 Rfe8 40. Rbb1 Nc8
41. Kf2 g5 42. Nb4 Ne7 43. Rh1 Ng6 44. Bxg6 Kxg6 45. hxg5 hxg5 46. Ra1 Rxa1 47.
Rxa1 Ra8 48. Rxa8 Bxa8 49. Nd3 Bb7 50. Ke2 Kf7 51. f4 Bc8 52. f5 Ke7 53. Kd2
Kd6 54. Kc3 Ba6 55. Kb4 Bb7 56. Nc5 Bc8 57. Ka5 Kc7 58. b4 Bb7 59. Ne6+ Kd7 60.
Kb6 Bc8 61. Nc5+ Kd6 62. Ka7 Kc7 63. Ka8 Bd7 64. Nxd7 Kxd7 65. Kb7 1-0

[Event "18. Copenhagen Open (Politiken Cup)"]
[Site "Brondby"]
[Date "1996.??.??"]
[Round "11"]
[White "Macieja, Bartlomiej"]
[Black "Hiberg, Nina"]
[Result "1-0"]
[WhiteElo "2430"]
[BlackElo "2290"]
[PlyCount "103"]
[EventDate "1996.??.??"]
[EventType "swiss"]
[EventRounds "11"]
[EventCountry "DEN"]
[SourceDate "2004.01.01"]

1. e4 e5 2. Nf3 Nc6 3. Bc4 Nf6 4. d3 Be7 5. O-O O-O 6. Bb3 d5 7. exd5 Nxd5 8.
h3 Nf4 9. Bxf4 exf4 10. c3 Bf5 11. d4 Qd7 12. Bc2 Rad8 13. Bxf5 Qxf5 14. Nbd2
g5 15. Re1 Bf6 16. Qb1 Qxb1 17. Raxb1 Kg7 18. a4 b6 19. Nc4 h5 20. Re4 Rfe8 21.
Rxe8 Rxe8 22. Re1 Rxe1+ 23. Nxe1 a5 24. Kf1 Ne7 25. Ke2 Kg6 26. Kd3 Kf5 27. Nc2
Nd5 28. b4 Ke6 29. bxa5 bxa5 30. f3 Bg7 31. Na1 c5 32. Nb3 cxd4 33. Nxd4+ Bxd4
34. Kxd4 f5 35. Nxa5 Ne3 36. Nc4 Nxg2 37. a5 Kd7 38. a6 Kc7 39. Nd6 Kb6 40.
Nxf5 Kxa6 41. Ng7 Ne1 42. Ke4 Kb5 43. Nxh5 Kc4 44. Nxf4 gxf4 45. h4 Nd3 46. h5
Nc5+ 47. Kxf4 Kxc3 48. h6 Ne6+ 49. Kf5 Nf8 50. Kf6 Kd4 51. Kg7 Ne6+ 52. Kg8 1-0

[Event "18. Copenhagen Open (Politiken Cup)"]
[Site "Brondby"]
[Date "1996.??.??"]
[Round "11"]
[White "Mortensen, Erling"]
[Black "Tisdall, Jonathan D"]
[Result "1-0"]
[WhiteElo "2430"]
[BlackElo "2510"]
[PlyCount "79"]
[EventDate "1996.??.??"]
[EventType "swiss"]
[EventRounds "11"]
[EventCountry "DEN"]
[SourceDate "2004.01.01"]

1. e4 e5 2. Nf3 Nc6 3. Bb5 a6 4. Ba4 Nf6 5. O-O Be7 6. Re1 b5 7. Bb3 d6 8. c3
O-O 9. h3 Na5 10. Bc2 c5 11. d4 Qc7 12. Nbd2 cxd4 13. cxd4 Nc6 14. Nb3 a5 15.
Be3 a4 16. Nbd2 Bd7 17. Rc1 Qb7 18. Nf1 Rfe8 19. Ng3 Rac8 20. Bb1 g6 21. Bg5
Qa7 22. Be3 Qb7 23. Re2 exd4 24. Nxd4 Ne5 25. b3 Bf8 26. f4 Rxc1 27. Qxc1 Nc6
28. Nf3 axb3 29. axb3 b4 30. Qd1 Qb5 31. Bf2 Bc8 32. Ra2 Qb8 33. Bd3 Bh6 34.
Qa1 Bg7 35. Nd4 Bd7 36. Nxc6 Bxc6 37. Bd4 Qd8 38. Ra6 Bb7 39. Ra7 Bc6 40. Bc4
1-0

[Event "18. Copenhagen Open (Politiken Cup)"]
[Site "Brondby"]
[Date "1996.??.??"]
[Round "11"]
[White "Nedberg, Benjamin S"]
[Black "Brondum, Eric"]
[Result "1/2-1/2"]
[WhiteElo "2100"]
[BlackElo "2270"]
[PlyCount "69"]
[EventDate "1996.??.??"]
[EventType "swiss"]
[EventRounds "11"]
[EventCountry "DEN"]
[SourceDate "2004.01.01"]

1. d4 Nf6 2. c4 g6 3. Nc3 Bg7 4. e4 d6 5. Be2 O-O 6. Bg5 Nbd7 7. Qd2 c6 8. h4
b5 9. cxb5 cxb5 10. Bxb5 Qa5 11. Be2 Rb8 12. f3 e5 13. d5 Nc5 14. Rd1 h6 15.
Be3 Nh5 16. Bf2 Nf4 17. g3 Nxe2 18. Ngxe2 Ba6 19. O-O Nd3 20. b3 Nxf2 21. Rxf2
h5 22. g4 hxg4 23. fxg4 Qd8 24. Rh2 Bc8 25. g5 f5 26. Rf1 f4 27. Kh1 Bg4 28.
Ng1 Qd7 29. Nf3 Rbc8 30. Nd1 Rc7 31. Nb2 Rfc8 32. Nc4 Rxc4 33. bxc4 Rxc4 34.
Qd3 Qa4 35. Nd2 1/2-1/2

[Event "18. Copenhagen Open (Politiken Cup)"]
[Site "Brondby"]
[Date "1996.??.??"]
[Round "11"]
[White "Nielsen, Jacob Woge"]
[Black "Hvenekilde, Jorgen"]
[Result "0-1"]
[WhiteElo "2150"]
[BlackElo "2315"]
[PlyCount "60"]
[EventDate "1996.??.??"]
[EventType "swiss"]
[EventRounds "11"]
[EventCountry "DEN"]
[SourceDate "2004.01.01"]

1. e4 e5 2. Nf3 d6 3. d4 exd4 4. Nxd4 g6 5. c4 Bg7 6. Nc3 Nc6 7. Be3 Nf6 8. Be2
O-O 9. O-O Re8 10. f3 Bd7 11. Nc2 a6 12. Qd2 Ne5 13. Rac1 Be6 14. b3 Qe7 15.
Rfe1 Qf8 16. Bf1 Nh5 17. Nd5 Rac8 18. Rcd1 f5 19. exf5 Bxf5 20. Nd4 Bd7 21. Qf2
Kh8 22. h3 c5 23. Ne2 Bxh3 24. gxh3 Nxf3+ 25. Kh1 Nxe1 26. Rxe1 Re5 27. Ng3
Qxf2 28. Bxf2 Rf8 29. Kg2 Rxf2+ 30. Kxf2 Nxg3 0-1

[Event "18. Copenhagen Open (Politiken Cup)"]
[Site "Brondby"]
[Date "1996.??.??"]
[Round "11"]
[White "Nilssen, John Arni"]
[Black "Jakobsen, Ole"]
[Result "1/2-1/2"]
[WhiteElo "2275"]
[BlackElo "2390"]
[PlyCount "57"]
[EventDate "1996.??.??"]
[EventType "swiss"]
[EventRounds "11"]
[EventCountry "DEN"]
[SourceDate "2004.01.01"]

1. d4 Nf6 2. c4 e6 3. g3 c5 4. Nf3 cxd4 5. Nxd4 d5 6. Bg2 e5 7. Nf3 d4 8. O-O
Nc6 9. Qa4 Bd7 10. Bg5 Be7 11. Nbd2 O-O 12. Bxf6 Bxf6 13. b4 a6 14. Ne1 Be7 15.
c5 a5 16. b5 Na7 17. c6 bxc6 18. bxc6 Be8 19. Nd3 Qc7 20. Rac1 Rb8 21. Nc4 Nxc6
22. Ncxe5 Nxe5 23. Qxe8 Qa7 24. Qa4 Nxd3 25. exd3 Bb4 26. a3 Bc3 27. Rb1 g6 28.
Bd5 Kg7 29. Qc4 1/2-1/2

[Event "18. Copenhagen Open (Politiken Cup)"]
[Site "Brondby"]
[Date "1996.??.??"]
[Round "11"]
[White "Nilsson, Nils Specht"]
[Black "Preuss, Flemming"]
[Result "1-0"]
[WhiteElo "2225"]
[BlackElo "2100"]
[PlyCount "45"]
[EventDate "1996.??.??"]
[EventType "swiss"]
[EventRounds "11"]
[EventCountry "DEN"]
[SourceDate "2004.01.01"]

1. d4 f5 2. g4 fxg4 3. h3 d5 4. Qd3 g3 5. fxg3 Nc6 6. Bg2 g6 7. g4 Bg7 8. Nf3
Qd6 9. Be3 Bd7 10. Nc3 a6 11. O-O-O O-O-O 12. Ng5 Be6 13. Rhf1 Nb4 14. Qd2 Nf6
15. Bf4 Qd7 16. Nxe6 Qxe6 17. Na4 Nc6 18. Nc5 Qg8 19. c4 Ne4 20. Bxe4 dxe4 21.
d5 e5 22. Bg5 Rd6 23. Nxe4 1-0

[Event "18. Copenhagen Open (Politiken Cup)"]
[Site "Brondby"]
[Date "1996.??.??"]
[Round "11"]
[White "Nouro, Mikael"]
[Black "Ksieski, Zbigniew"]
[Result "1/2-1/2"]
[WhiteElo "2275"]
[BlackElo "2400"]
[PlyCount "41"]
[EventDate "1996.??.??"]
[EventType "swiss"]
[EventRounds "11"]
[EventCountry "DEN"]
[SourceDate "2004.01.01"]

1. e4 c5 2. Nf3 e6 3. Nc3 d6 4. d4 cxd4 5. Nxd4 Nc6 6. Be3 Nf6 7. f3 Be7 8. Qd2
O-O 9. g4 d5 10. g5 Nd7 11. exd5 Nxd4 12. Qxd4 Bxg5 13. O-O-O exd5 14. Nxd5 Nb6
15. f4 Qxd5 16. Qxd5 Nxd5 17. Rxd5 Bh6 18. Bd3 Bg4 19. Rg1 Rfe8 20. Bd2 Be2 21.
f5 1/2-1/2

[Event "18. Copenhagen Open (Politiken Cup)"]
[Site "Brondby"]
[Date "1996.??.??"]
[Round "11"]
[White "Pedersen, Nicolai Vesterbaek"]
[Black "Jelling, Erik"]
[Result "1/2-1/2"]
[WhiteElo "2290"]
[BlackElo "2415"]
[PlyCount "26"]
[EventDate "1996.??.??"]
[EventType "swiss"]
[EventRounds "11"]
[EventCountry "DEN"]
[SourceDate "2004.01.01"]

1. e4 c6 2. d4 d5 3. Nd2 dxe4 4. Nxe4 Bf5 5. Ng3 Bg6 6. h4 h6 7. Nf3 Nd7 8. h5
Bh7 9. Bd3 Bxd3 10. Qxd3 e6 11. Bf4 Ngf6 12. O-O-O Be7 13. Ne5 O-O 1/2-1/2

[Event "18. Copenhagen Open (Politiken Cup)"]
[Site "Brondby"]
[Date "1996.??.??"]
[Round "11"]
[White "Petursson, Margeir"]
[Black "Pedersen, Steffen"]
[Result "1/2-1/2"]
[WhiteElo "2585"]
[BlackElo "2405"]
[PlyCount "123"]
[EventDate "1996.??.??"]
[EventType "swiss"]
[EventRounds "11"]
[EventCountry "DEN"]
[SourceDate "2004.01.01"]

1. c4 f5 2. g3 Nf6 3. Bg2 g6 4. Nc3 d6 5. e3 Bg7 6. Nge2 O-O 7. O-O e5 8. d3 c6
9. b3 a5 10. Bb2 Na6 11. Rc1 Bd7 12. Qd2 Rb8 13. Rfd1 Re8 14. h3 Kh8 15. Kh2 b5
16. cxb5 cxb5 17. Ba1 Nc7 18. e4 b4 19. Na4 f4 20. gxf4 Bh6 21. Qb2 Nb5 22.
fxe5 dxe5 23. Rc5 Bg7 24. Qd2 Nh5 25. d4 Qh4 26. dxe5 Bxh3 27. Bxh3 Rf8 28. f4
Nxf4 29. Ng1 Nxh3 30. Nxh3 Rf3 31. Qg2 Rbf8 32. Rc8 Rxh3+ 33. Qxh3 Qxh3+ 34.
Kxh3 Rxc8 35. Rd5 Nc3 36. Rxa5 Nxe4 37. Rb5 Nc3 38. Rxb4 Nxa2 39. Rb7 Nc1 40.
Nc5 Re8 41. b4 Kg8 42. Bb2 Ne2 43. Ne4 Nf4+ 44. Kg3 Nd3 45. Bc3 Rc8 46. Ba1 Ra8
47. Bd4 Rd8 48. Ng5 Bxe5+ 49. Bxe5 Nxe5 50. Nxh7 Rd4 51. Nf6+ Kf8 52. b5 Nc4
53. Nd7+ Ke8 54. Nc5 Rd5 55. Rc7 Nb6 56. Kf3 Nd7 57. Ne4 Kd8 58. Rb7 Kc8 59.
Ra7 Kb8 60. Ra5 Kb7 61. Ra1 Nc5 62. Nxc5+ 1/2-1/2

[Event "18. Copenhagen Open (Politiken Cup)"]
[Site "Brondby"]
[Date "1996.??.??"]
[Round "11"]
[White "Rossen, Claus"]
[Black "Coleman, David"]
[Result "0-1"]
[WhiteElo "2080"]
[BlackElo "2255"]
[PlyCount "60"]
[EventDate "1996.??.??"]
[EventType "swiss"]
[EventRounds "11"]
[EventCountry "DEN"]
[SourceDate "2004.01.01"]

1. e4 c5 2. Nc3 Nc6 3. f4 g6 4. Nf3 Bg7 5. Bc4 e6 6. f5 Nge7 7. fxe6 fxe6 8. d3
d5 9. exd5 exd5 10. Bb3 b5 11. O-O c4 12. dxc4 dxc4 13. Qxd8+ Nxd8 14. Nxb5
cxb3 15. axb3 O-O 16. Rxa7 Rxa7 17. Nxa7 Bb7 18. Nb5 Nf5 19. c4 Ne6 20. b4 Ba6
21. Na3 Ned4 22. Rf2 Nxf3+ 23. Rxf3 Bb7 24. Rd3 Nd4 25. Re3 Nf5 26. Re1 Bd4+
27. Kh1 Nh4 28. h3 Bxg2+ 29. Kh2 Nf3+ 30. Kxg2 Nxe1+ 0-1

[Event "18. Copenhagen Open (Politiken Cup)"]
[Site "Brondby"]
[Date "1996.??.??"]
[Round "11"]
[White "Rowson, Jonathan"]
[Black "Christensen, Tobias"]
[Result "1-0"]
[WhiteElo "2415"]
[BlackElo "2405"]
[PlyCount "77"]
[EventDate "1996.??.??"]
[EventType "swiss"]
[EventRounds "11"]
[EventCountry "DEN"]
[SourceDate "2004.01.01"]

1. e4 c5 2. Nf3 e6 3. d4 d5 4. exd5 exd5 5. Bg5 Nf6 6. Bb5+ Nc6 7. O-O Be6 8.
Nc3 Be7 9. dxc5 Bxc5 10. Bxf6 gxf6 11. Nd4 Qd7 12. Na4 Bxd4 13. Bxc6 Bxf2+ 14.
Rxf2 Qxc6 15. Qd4 Rg8 16. Re1 Rg6 17. Nc3 O-O-O 18. Qxa7 Rg4 19. Qa5 b6 20.
Qa6+ Qb7 21. Qxb7+ Kxb7 22. Ne2 Re4 23. Rc1 d4 24. a3 d3 25. cxd3 Rxd3 26. Nf4
Rde3 27. g3 Re1+ 28. Rxe1 Rxe1+ 29. Rf1 Re5 30. Rc1 Ka6 31. Kf2 Kb5 32. Re1 Kc4
33. Rxe5 fxe5 34. Nxe6 fxe6 35. g4 Kd3 36. Ke1 Ke3 37. a4 e4 38. b4 Kd4 39. a5
1-0

[Event "18. Copenhagen Open (Politiken Cup)"]
[Site "Brondby"]
[Date "1996.??.??"]
[Round "11"]
[White "Sylvan, Jacob"]
[Black "Pedersen, Hans Dahl"]
[Result "1/2-1/2"]
[WhiteElo "2265"]
[BlackElo "2185"]
[PlyCount "43"]
[EventDate "1996.??.??"]
[EventType "swiss"]
[EventRounds "11"]
[EventCountry "DEN"]
[SourceDate "2004.01.01"]

1. d4 d5 2. c4 c6 3. Nc3 Nf6 4. Nf3 e6 5. Bg5 Nbd7 6. e3 Qa5 7. Nd2 Bb4 8. Qc2
O-O 9. Rc1 e5 10. dxe5 Ng4 11. a3 Bxc3 12. Qxc3 Qxc3 13. Rxc3 Nb6 14. cxd5 Nxd5
15. Rc1 Nxe5 16. Nc4 Nxc4 17. Bxc4 Nb6 18. Bb3 Re8 19. O-O Be6 20. Bxe6 Rxe6
21. Rfd1 Kf8 22. Rd3 1/2-1/2

[Event "18. Copenhagen Open (Politiken Cup)"]
[Site "Brondby"]
[Date "1996.??.??"]
[Round "11"]
[White "Tseshkovsky, Vitaly"]
[Black "Steingrimsson, Hedinn"]
[Result "1-0"]
[WhiteElo "2540"]
[BlackElo "2405"]
[PlyCount "74"]
[EventDate "1996.??.??"]
[EventType "swiss"]
[EventRounds "11"]
[EventCountry "DEN"]
[SourceDate "2004.01.01"]

1. e4 e5 2. Nf3 Nc6 3. Bb5 a6 4. Ba4 Nf6 5. O-O Be7 6. Re1 b5 7. Bb3 O-O 8. d3
Bb7 9. Nc3 d6 10. a4 b4 11. Ne2 Na5 12. Ba2 Rb8 13. Bd2 c5 14. Ng3 Bc8 15. h3
Ne8 16. Nf5 Bxf5 17. exf5 Qd7 18. Qe2 Qxf5 19. d4 cxd4 20. Nxd4 Qc8 21. Qd3 g6
22. Bh6 Ng7 23. Bd5 Re8 24. Nb3 Nxb3 25. cxb3 Ne6 26. Rac1 Nc5 27. Qc4 Ne6 28.
Qf1 Nc5 29. f4 Qf5 30. fxe5 dxe5 31. Qxf5 gxf5 32. Rxe5 Nd3 33. Rxf5 Nxc1 34.
Rxf7 Ne2+ 35. Kh2 Bd6+ 36. g3 Bxg3+ 37. Kh1 Nf4 1-0

[Event "18. Copenhagen Open (Politiken Cup)"]
[Site "Brondby"]
[Date "1996.??.??"]
[Round "11"]
[White "Varberg, Kenneth"]
[Black "Borbjerggaard, Lars"]
[Result "1/2-1/2"]
[WhiteElo "2230"]
[BlackElo "2185"]
[PlyCount "102"]
[EventDate "1996.??.??"]
[EventType "swiss"]
[EventRounds "11"]
[EventCountry "DEN"]
[SourceDate "2004.01.01"]

1. c4 Nf6 2. Nc3 g6 3. e4 d6 4. g3 Bg7 5. Bg2 O-O 6. Nge2 e5 7. O-O c5 8. d3
Nc6 9. h3 Ne8 10. g4 f5 11. gxf5 gxf5 12. exf5 Bxf5 13. Ng3 Be6 14. Nd5 Qh4 15.
Qh5 Qxh5 16. Nxh5 Rf7 17. Kh2 Bf5 18. Be4 Bxe4 19. dxe4 Nf6 20. Nxg7 Kxg7 21.
Nxf6 Rxf6 22. f4 exf4 23. Rxf4 Ne5 24. b3 Raf8 25. Rxf6 Rxf6 26. Be3 Rf3 27.
Rg1+ Kf6 28. Rg3 Rxg3 29. Kxg3 Nd3 30. Bf4 Ke6 31. Bd2 Nb4 32. a4 Nc2 33. Kf4
Nd4 34. b4 cxb4 35. Bxb4 Nc2 36. Bc3 Na3 37. Kg5 Nxc4 38. Kh6 Nb6 39. Bd4 Nxa4
40. Kxh7 Nc5 41. Kg6 Nxe4 42. Bxa7 b5 43. h4 Ng3 44. Bf2 Nf5 45. Be1 Nxh4+ 46.
Bxh4 Ke5 47. Bg5 Kd5 48. Kf5 b4 49. Bh4 Kc4 50. Bf6 d5 51. Ba1 d4 1/2-1/2